000 00693nac a22001931u 4500
008 100906t2002 xxu||||| |||| 00| 0 eng d
010 _a2001036652
020 _a0130618144
082 0 0 _a005.82
_bT774
100 _aTrappe, Wade.
_918350
245 1 0 _aIntroduction to cryptography :
_bwith coding theory /
_cWade Trappe, Lawrence C. Washington.
260 _aUpper Saddle River, NJ :
_bPrentice Hall,
_cc2002.
300 _axiii, 490 p. :
_bill. ;
_c24 cm.
504 _aIncludes bibliographical references (p. 479-483) and index.
650 0 _aCoding theory.
_918351
650 0 _aCryptography.
_918352
700 1 _aWashington, Lawrence C.
_918353
942 _cBB
_k005.82T774
_2ddc
999 _c734
_d734